El clima de Costa Rica: contraste de dos vertientes (Registro nro. 382)
[ vista simple ]
| 000 -Cabecera | |
|---|---|
| Campo de control de longitud fija | 00576aam a2200229 4500 |
| 005 - Fecha y hora de la última transacción | |
| Campo de control | 20240514140403.0 |
| 008 - Elementos de longitud fija--Información general | |
| Campo de control de longitud fija | 150730b1994 xxu||||| |||| 00| 0 spa d |
| 020 ## - International Standard Book Number | |
| Número Internacional Estándar del Libro (ISBN) | 9977931348 |
| 041 ## - Idioma | |
| Código de idioma | Español |
| 082 ## - Clasificación Decimal Dewey | |
| Número de clasificación | 551.6 V297c |
| 100 ## - Entrada principal--Autor personal | |
| Nombre personal | Vargas Ulate, Gilbert |
| 245 ## - Título propiamente dicho | |
| Título | El clima de Costa Rica: contraste de dos vertientes |
| 260 ## - Pie de imprenta | |
| Lugar de publicación, distribución, etc. | Costa Rica |
| 260 ## - Pie de imprenta | |
| Nombre del editor, distribuidor, etc. | Editorial Guayacán |
| 260 ## - Pie de imprenta | |
| Fecha de publicación, distribución, etc. | 1994 |
| 300 ## - Descripción física | |
| Extensión | 58 páginas |
| 650 ## - Materia general | |
| Temática (materia general) | CLIMATOLOGÍA |
| 650 ## - Materia general | |
| Temática (materia general) | COSTA RICA |
| 650 ## - Materia general | |
| Temática (materia general) | LLUVIAS |
| 650 ## - Materia general | |
| Temática (materia general) | CIRCULACIÓN ATMOSFÉRICA |
| 942 ## - Punto de acceso adicional KOHA | |
| Tipo de ítem KOHA | Libro |
| Fuente del sistema de clasificación o colocación | Dewey Decimal Classification |
| Signatura completa | Código de barras | Tipo de ítem |
|---|---|---|
| 551.6 V297c | 2193 | Libro |
| 551.6 V297c | 2194 | Libro |